00750pam a2200253 a 4500001000800000005001700008008004100025010001700066020002200083020002400105040002300129041000800152060001600160080001400176082001800190100000600208101000800214245003700222504006600259906004500325942001200370999001700382952009700399483348420171220043332.0901123s1991 mdua b 001 0 eng c a 90013152  a068303815X (pbk.) a3541708530 (Munich) aDNLM/DLCcDLCdDLC aeng aWL 17 H153n a611.8 DUA00a611.8 DUA2201 a6 aANA10aNeuroanatomy :cDuane E. Haines. aIncludes bibliographical references (p. [239]-241) and index. a7bcbccorignewd1eocipf19gy-gencatlg 2ddccBK c39204d39204 00102ddc4070a002b002d2017-12-20l0o611.8 DUAp002-2939565r2017-12-20w2017-12-20yBK